| 000 | 01229cam a2200253 4500 | ||
|---|---|---|---|
| 001 | WB3718-33 | ||
| 008 | 000000n2001 000 0 eng u | ||
| 035 | _a(Sirsi) u112545 | ||
| 245 | _aCarsberg RICS review | ||
| 260 | _c2001 | ||
| 490 |
_aProperty Week _v66(18) 4 May 2001, 2,24(1) |
||
| 520 | _aRICS has asked former OFT chief Sir Bryan Carsberg to lead a wide-ranging review of client/valuer relationships. Carsberg, will head a working party set up following controversy over valuers sparked by research by the Universities of Reading and Nottingham Trent, which questions the moral stance of some client/valuer relationships. Carsberg, who is heading a group being finalised now, will report back in Autumn 2001. Includes an explanation by Duncan Preston, chairman of the RICS Valuation Faculty, of his choice of Sir Bryan Carsberg for the RICS valuaton working group. | ||
| 590 | _aWB | ||
| 650 | _aCLIENTS | ||
| 650 | _aVALUERS | ||
| 650 | _aRELATIONSHIPS | ||
| 650 | _aWORKING PARTIES | ||
| 650 | _aUNIVERSITY OF READING | ||
| 650 | _aNOTTINGHAM TRENT UNIVERSITY | ||
| 650 | _aVALUATION PROCESS | ||
| 650 | _aVALUATION PROFESSION | ||
| 690 | _aPROPERTY-PROPERTY APPRAISAL AND VALUATION | ||
| 942 | _n0 | ||
| 999 |
_c66983 _d66983 |
||